| 000 | 01308 a2200349 4500 | ||
|---|---|---|---|
| 020 | _a0201532891 | ||
| 020 | _a9780201532890 | ||
| 082 | 0 | 4 | _a658.5 |
| 090 |
_c522 _d522 |
||
| 100 | 1 | _aHeyl, Jeff E. | |
| 245 | 1 | 0 |
_aCases in operations management / _cJeff E. Heyl. |
| 250 | _a1st ed. | ||
| 260 |
_a[S.l.] : _bAddison Wesley Longman, _c1994. |
||
| 300 |
_a207 p. ; _c24 cm. |
||
| 500 | _aPaperback. | ||
| 520 | _aSeries of cases that address functional-level problems which can be studied, analyzed, and resolved using the tools and techniques typically presented in the core Operations Management curriculum. Paper. DLC: Production management Case studies. | ||
| 650 | 4 | _aBusiness/Economics. | |
| 650 | 4 | _aOperations Management. | |
| 650 | 4 | _aManagement & management techniques. | |
| 650 | 4 | _aTextbooks. | |
| 650 | 4 | _aBusiness & Economics. | |
| 650 | 4 | _aGeneral. | |
| 650 | 4 | _aCase studies. | |
| 650 | 4 | _aProduction management. | |
| 650 | 4 | _aEntrepreneurship. | |
| 650 | 4 | _aManagement - General. | |
| 700 | 1 | _aBushnell, Jon L. | |
| 700 | 1 | _aStone, Linda A. | |
| 856 | 4 | 0 |
_3Amazon.com _uhttp://www.amazon.com/exec/obidos/ASIN/0201532891/chopaconline-20 |
| 856 | 4 | 0 |
_3Amazon customer reviews _uhttp://www.chopac.org/cgi-bin/tools/azrev.pl?q=0201532891 |
| 942 |
_aNBS _cBK _k658.5 HEY |
||
| 999 |
_c343081 _d343081 |
||